| 000 | 01024nam0a22002651 4500 | ||
|---|---|---|---|
| 001 | rc\63482 | ||
| 005 | 20250620164905.0 | ||
| 010 |
_a5-02-024511-9 _9500 |
||
| 035 | _a(NLR Aleph) 005338333 | ||
| 090 |
_a6666210 _c6666210 |
||
| 100 | _a20021216d1991 |||y0rusy50 ca | ||
| 101 | 0 | _arus | |
| 102 | _aRU | ||
| 105 | _aa ||||||||| | ||
| 200 | 1 |
_aПроцессы формирования термического режима глубоких пресноводных водоемов _fОтв. ред. Н.Н. Филатов _gАН СССР. Карел. науч. центр. Отд. вод. пробл. |
|
| 210 |
_aЛ. _cНаука. Ленингр. отд-ние _d1991 |
||
| 215 |
_a173, [2] с. _cил. _d21 |
||
| 320 | _aБиблиогр.: с. 167-174 (198 назв.) | ||
| 700 | 1 |
_aБояринов _bП.М. _gПетр Матвеевич |
|
| 701 | 1 |
_aПетров _bМ.П. _gМихаил Петрович |
|
| 801 | 0 |
_aRU _bNLR _gpsbo |
|
| 801 | 1 |
_aRU _bELAR _2rusmarc |
|
| 852 |
_aNLR _j91-5/2503 |
||
| 942 | _cBOOK | ||
| 980 | _aNB | ||